000 00655nam a2200241Ia 4500
005 20260430150042.0
008 008 250103s9999 xx 000 0 eng d
037 _aTheses
040 _aCRL
040 _beng
040 _ceng
041 _2eng
041 _aeng
084 _qCRL
100 _aVerma Sapna Au.; Singh K.P. Gu.
_91236308
245 0 _aGrowth and Collaboration Trends in the field of food technology in India: A Scientometrics study
260 _c2022
300 _a234p.
650 _aLibrary Science
700 _aUniversity of Delhi. Faculty of Arts. Deptt. of Lib Science
942 _cTH
999 _c1848826
_d1848826